Tous les joueurs de PSG-Dortmund - Statistiques

Statistiques générales
  • Ce quiz a été pris 672 fois
  • Le résultat moyen est 21 sur 32
Statistiques - réponses
Pays Equipe Joueur % Correct
France PSG Mbappé
98%
Brésil PSG Neymar
98%
Uruguay PSG Cavani
97%
Costa Rica PSG Navas
96%
Italie PSG Verratti
95%
Norvège Dortmund Haaland
93%
Argentine PSG Di Maria
92%
Brésil PSG Marquinhos
92%
Sénégal PSG Gueye
90%
Belgique PSG Meunier
88%
France PSG Kimpembe
87%
Argentine PSG Paredes
85%
Brésil PSG Silva
80%
Espagne PSG Bernat
79%
Maroc Dortmund Hakimi
74%
Angleterre Dortmund Sancho
69%
Espagne PSG Sarabia
68%
Allemagne PSG Kehrer
66%
Belgique Dortmund Hazard
64%
Allemagne Dortmund Hummels
57%
France PSG Kurzawa
57%
Portugal Dortmund Guerreiro
56%
Suisse Dotmund Burki
51%
Allemagne Dortmund Can
50%
Etats-Unis Dortmund Reyna
50%
Belgique Dortmund Witsel
50%
France Dortmund Zagadou
43%
Allemagne Dormund Brandt
36%
Pologne Dortmund Piszczek
23%
Allemagne Dortmund Götze
18%
France PSG Kouassi
18%
Allemagne Dortmund Schmelzer
12%
Aucun quiz correspondant
Distribution des résultats
% des personnes avec chaque résultat
Percentile par nombre de réponses
Votre historique - résultats
Vous n’avez pas pris ce quiz